| Tag |
First Indicator |
Second Indicator |
Subfields |
| LEADER |
00000cam a2200000 4500 |
| 001 |
in00000062216 |
| 005 |
20151008051700.0 |
| 008 |
720620s1954 nyu b 00000 eng u |
| 010 |
|
|
|a 53008549
|
| 035 |
|
|
|a (OCoLC)00336831
|
| 035 |
|
|
|9 AAG9383AM
|
| 040 |
|
|
|c CSU
|d TXA
|d UtOrBLW
|
| 049 |
|
|
|a TXAM
|c [241647]
|
| 050 |
|
0 |
|a HB3730
|b .P7
|
| 092 |
|
|
|a 338.54
|b P963d
|
| 100 |
1 |
|
|a Prochnow, Herbert V.
|q (Herbert Victor),
|d 1897-1998.
|
| 245 |
1 |
0 |
|a Determining the business outlook.
|
| 250 |
|
|
|a [1st ed.].
|
| 264 |
|
1 |
|a New York :
|b Harper,
|c [1954]
|
| 300 |
|
|
|a xi,445p :
|b illustrations ;
|c 22cm.
|
| 336 |
|
|
|a text
|b txt
|2 rdacontent
|
| 337 |
|
|
|a unmediated
|b n
|2 rdamedia
|
| 338 |
|
|
|a volume
|b nc
|2 rdacarrier
|
| 504 |
|
|
|a Includes bibliographies.
|
| 650 |
|
0 |
|a Business forecasting.
|
| 999 |
|
|
|a MARS
|
| 999 |
f |
f |
|s 19a75366-0a09-3215-be20-ad66c7d2cf86
|i 2c34d888-d553-34ae-a352-3543dae9827b
|t 0
|
| 952 |
f |
f |
|p ric
|a Texas A&M University
|b Rellis Campus
|c Joint Library Facility
|d Remote Storage
|t 0
|e HB3730 .P7
|h Library of Congress classification
|i unmediated -- volume
|m A14800769245
|
| 998 |
f |
f |
|a HB3730 .P7
|t 0
|l Remote Storage
|